[Event "RSA-ch U20"]
[Site "Waterkloof"]
[Date "2015.04.08"]
[Round "8"]
[White "Vieira, Brandon"]
[Black "Smit, Ernes"]
[Result "1-0"]
[WhiteElo "1609"]
[BlackElo "1432"]
[PlyCount "55"]
[EventDate "2015.04.04"]
[EventType "swiss"]
[EventRounds "9"]
[EventCountry "RSA"]
[SourceTitle "CBM 166 Extra"]
[Source "ChessBase"]
[SourceDate "2015.06.18"]
[SourceVersion "1"]
[SourceVersionDate "2015.06.18"]
[SourceQuality "1"]

1. e4 c5 2. Nf3 g6 3. d4 cxd4 4. Nxd4 Nf6 5. Nc3 Nc6 6. f3 Bg7 7. Be3 0-0 8. Bc4 Qb6 9. Bb3 Nxe4 10. Nd5 Qa5+ 11. c3 Nf6 12. Nxc6 dxc6 13. Nxe7+ Kh8 14. Nxc8 Raxc8 15. 0-0 Rcd8 16. Qc2 Nd5 17. Bf2 Rd7 18. Rad1 Rfd8 19. g3 a6 20. Rfe1 Qc7 21. a4 a5 22. Re4 Nf6 23. Rxd7 Qxd7 24. Rd4 Nd5 25. Rd1 Qc7 26. Qd3 Bf6 27. Bd4 Re8 28. Bxd5 1-0

[Event "RSA-ch U20"]
[Site "Waterkloof"]
[Date "2015.04.07"]
[Round "5"]
[White "Van der Merwe, Henk"]
[Black "Smit, Ernes"]
[Result "0-1"]
[WhiteElo "1127"]
[BlackElo "1432"]
[PlyCount "52"]
[EventDate "2015.04.04"]
[EventType "swiss"]
[EventRounds "9"]
[EventCountry "RSA"]
[SourceTitle "CBM 166 Extra"]
[Source "ChessBase"]
[SourceDate "2015.06.18"]
[SourceVersion "1"]
[SourceVersionDate "2015.06.18"]
[SourceQuality "1"]

1. e4 c5 2. d4 cxd4 3. c3 g6 4. cxd4 d5 5. exd5 Nf6 6. Nf3 Nxd5 7. Nc3 Nc6 8. Bc4 Nb6 9. Bb3 Bg7 10. Be3 0-0 11. a3 Bg4 12. d5 Ne5 13. Qe2 Nxf3+ 14. gxf3 Bf5 15. 0-0-0 Rc8 16. Qd2 Nc4 17. Bxc4 Rxc4 18. Bh6 Bxc3 19. bxc3 Qa5 20. Kb2 Rfc8 21. Rc1 Ra4 22. Ra1 Qb5+ 23. Ka2 Qc4+ 24. Kb2 Rc5 25. Rhd1 Rb5+ 26. Kc1 Rxa3 0-1

[Event "RSA-ch U20"]
[Site "Waterkloof"]
[Date "2015.04.06"]
[Round "4"]
[White "Smit, Ernes"]
[Black "Jacobs, Cavan"]
[Result "0-1"]
[WhiteElo "1432"]
[BlackElo "1600"]
[PlyCount "65"]
[EventDate "2015.04.04"]
[EventType "swiss"]
[EventRounds "9"]
[EventCountry "RSA"]
[SourceTitle "CBM 166 Extra"]
[Source "ChessBase"]
[SourceDate "2015.06.18"]
[SourceVersion "1"]
[SourceVersionDate "2015.06.18"]
[SourceQuality "1"]

1. e4 c5 2. Nc3 a6 3. Bc4 d6 4. d3 e6 5. f4 Nc6 6. Nf3 Nf6 7. 0-0 b5 8. Bb3 Be7 9. Qe1 Nd4 10. Nxd4 cxd4 11. Ne2 e5 12. c3 dxc3 13. Nxc3 0-0 14. h3 Bb7 15. Bd2 Nd7 16. fxe5 dxe5 17. Bd5 b4 18. Bxb7 bxc3 19. Bxa8 cxd2 20. Qxd2 Qb6+ 21. Kh1 Rxa8 22. a3 Bc5 23. Rac1 Be3 24. Qc3 Bxc1 25. Rxc1 Rb8 26. b4 h6 27. Qc7 Qxc7 28. Rxc7 Nf8 29. Ra7 Rb6 30. Kg1 Ne6 31. Kf2 Nd4 32. a4 Rc6 33. a5 0-1